| 000 | 00893nam a22002177a 4500 | ||
|---|---|---|---|
| 005 | 20230228114542.0 | ||
| 008 | 230228b dr ||||| |||| 00| 0 spa d | ||
| 050 | 0 | 4 |
_aHT169.D65 _bC56 1995 |
| 245 | 0 | 3 |
_aEl Cinturón verde de la Ciudad de Santo Domingo _c/ prologo Joaquín Balaguer. |
| 250 | _a1a ed. | ||
| 260 |
_aSanto Domingo, República Dominicana : _bGobierno de la República Dominicana, _c1995. |
||
| 300 |
_a130 p. : _cil. ; _b24 cm. _e+ 1 juego de mapas. |
||
| 490 | 0 |
_aBanreservas ; _v6. |
|
| 490 | 0 |
_aSerie Ciencia ; _v1. |
|
| 650 | 7 |
_2lemb _aPlanificación regional _zRepública Dominicana _zSanto Domingo |
|
| 650 | 4 |
_aCinturones verdes _zRepública Dominicana _zSanto Domingo |
|
| 651 | 7 |
_2lemb _aSanto Domingo (República Dominicana) _xUrbanismo |
|
| 700 | 1 |
_aBalaguer, Joaquín, _eprologuista |
|
| 710 | 2 | _aBanco de Reservas de la República Dominicana. | |
| 942 |
_2lcc _cLIB |
||
| 999 |
_c129758 _d129758 |
||